Statistics for Most Champions League participants

Click here to take the quiz!

General Stats

  • This quiz has been taken 35 times
  • The average score is 31 of 35

Answer Stats

CountryClubTimesSeason Played% Correct
ItalyAC Milan201992-95、1996-97、1999-2001、2002-08、2009-14、2021-24
100%
NetherlandsAjax Amsterdam182000-01、2004-05、2006-09、2010-16、2017-24
100%
EnglandArsenal FC201998-2017、2023-24
100%
GermanyBayern Munich271992-94、1995-2000、2001-02、2003-10、2011-19、2020-24
100%
EnglandChelsea FC191999-2000、2003-16、2017-18、2019-23
100%
SpainFC Barcelona281995-96、1997-2024
100%
PortugalFC Porto271994-95、1997-2007、2008-24
100%
ItalyInter Milan171993-95、1997-2004、2006-07、2012-16、2018-20、2023-24
100%
EnglandLiverpool FC152001-03、2004-10、2014-15、2017-23
100%
EnglandManchester United251994-95、1996-2014、2015-16、2017-19、2020-22、2023-24
100%
SpainReal Madrid281993-95、1997-2003、2004-24
100%
SpainAtlético de Madrid141996-97、2008-10、2013-24
96%
GermanyBorussia Dortmund181995-98、1999-2000、2001-03、2011-15、2016-24
96%
TurkeyGalatasaray171992-93、1997-2009、2015-17、2018-19、2023-24
96%
ItalyJuventus FC231995-99、2000-06、2008-10、2012-23
96%
FranceParis Saint-Germain162000-12、2015-17、2018-20
96%
NetherlandsPSV Eindhoven171998-99、2002-12、2018-24
96%
PortugalSL Benfica181994-95、1997-2005、2006-10、2012-13、2015-17、2020-22
96%
ScotlandCeltic FC121993-96、1998-2003、2006-07、2010-11、2012-13、2017-18
93%
EnglandManchester City132011-24
93%
FranceOlympique Marseille111992-93、1995-97、1999-2001、2003-04、2005-06、2007-08、2009-11、2022-23
93%
ScotlandRangers FC112001-03、2004-05、2006-09、2010-11、2014-16、2017-19
93%
GermanyBayer 04 Leverkusen131997-98、1999-2003、2004-05、2011-12、2013-17、2019-20、2022-23
89%
FranceOlympique Lyon161994-95、1997-98、2000-01、2004-05、2012-24
89%
BelgiumRSC Anderlecht121993-95、2000-02、2003-07、2012-15、2017-18
89%
PortugalSporting CP101997-98、2000-01、2006-09、2014-15、2016-18、2021-23
89%
ItalyAS Roma111992-93、1999-2000、2003-04、2007-12、2013-14、2020-21、2022-23
86%
SpainValencia CF121992-93、2004-05、2006-08、2009-10、2011-12、2013-19
82%
GreeceOlympiacos Piraeus201997-2008、2009-10、2011-16、2017-18、2019-21
75%
UkraineShakhtar Donetsk181994-95、1998-99、2005-08、2010-20、2021-24
75%
RussiaCSKA Moscow122001-02、2003-05、2006-09、2012-14、2016-18、2022-24
71%
UkraineDynamo Kyiv181994-97、1998-99、2002-06、2010-15、2018-23
71%
BelgiumClub Brugge KV101992-93、2002-04、2005-06、2016-17、2018-23
68%
RussiaSpartak Moscow121999-2001、2002-03、2004-05、2006-08、2010-13、2015-16、2018-20
68%
NorwayRosenborg BK111995-2003、2004-06、2007-08
46%

Score Distribution

Percentile by Number Answered

Percent of People with Each Score

Your Score History

You have not taken this quiz